Cliquez rapidement pour construire la France - Mort subite - Statistiques

Statistiques générales
  • Ce quiz a été pris 311 fois
  • Le résultat moyen est 17 sur 96
Réponses sur la Carte
Les réponses sont colorées sur une échelle allant du rouge au vert en fonction du pourcentage des utilisateurs qui les ont devinées à leur premier essai. Vous pouvez retrouver ces pourcentages ci-dessous.
 
Statistiques - réponses
Réponse % Correct
Nord
96%
Ardennes
54%
Pas-de-Calais
53%
Aisne
47%
Bas-Rhin
47%
Pyrénées-Orientales
38%
Haut-Rhin
36%
Somme
34%
Seine-Maritime
30%
Marne
29%
Oise
29%
Aube
28%
Hautes-Pyrénées
28%
Landes
28%
Meurthe-et-Moselle
28%
Meuse
28%
Pyrénées-Atlantiques
28%
Vosges
28%
Gironde
27%
Alpes-Maritimes
26%
Eure
26%
Aude
25%
Seine-et-Marne
24%
Corse-du-Sud
22%
Yonne
22%
Calvados
18%
Charente-Maritime
17%
Essonne
17%
Eure-et-Loir
17%
Manche
17%
Moselle
17%
Orne
17%
Seine-Saint-Denis
17%
Yvelines
17%
Côte-d'Or
16%
Finistère
16%
Gers
16%
Haute-Marne
16%
Loire-Atlantique
16%
Loiret
16%
Morbihan
16%
Val-de-Marne
16%
Val-d'Oise
16%
Charente
15%
Deux-Sèvres
15%
Haute-Vienne
15%
Ille-et-Vilaine
15%
Vendée
15%
Vienne
15%
Corrèze
14%
Côtes-d'Armor
14%
Creuse
14%
Dordogne
14%
Maine-et-Loire
14%
Mayenne
14%
Sarthe
14%
Alpes-de-Haute-Provence
12%
Cher
12%
Loir-et-Cher
12%
Paris
12%
Indre
11%
Indre-et-Loire
11%
Lot
11%
Lot-et-Garonne
11%
Ariège
10%
Haute-Garonne
10%
Hauts-de-Seine
10%
Gard
9%
Hautes-Alpes
9%
Haute-Savoie
9%
Hérault
9%
Savoie
9%
Aveyron
8%
Bouches-du-Rhône
8%
Isère
8%
Tarn-et-Garonne
8%
Var
8%
Drôme
7%
Lozère
7%
Rhône (et métropole de Lyon)
7%
Tarn
7%
Vaucluse
7%
Allier
6%
Ardèche
6%
Cantal
6%
Haute-Loire
6%
Loire
6%
Nièvre
6%
Puy-de-Dôme
6%
Ain
5%
Doubs
5%
Haute-Corse
5%
Haute-Saône
5%
Jura
5%
Saône-et-Loire
5%
Territoire de Belfort
5%
Aucun quiz correspondant
Distribution des résultats
% des personnes avec chaque résultat
Percentile par nombre de réponses
Votre historique - résultats
Vous n’avez pas pris ce quiz